000 00306nam a2200121Ia 4500
005 20251222155154.0
008 251222s9999||||xx |||||||||||||| ||spa||
082 _aEBA. 43
100 _aEsc.Enferm. P.L.T.
245 0 _aProceso de Enfermería como Instrumento Trabajo
264 _bNo tiene
942 _cLIB
999 _c39679
_d39679